000 00767nas a2200241 4500
001 BR2010001857
003 BR-BrBNA
005 20231205114219.0
007 ta
008 230509b bl.|||p| |||| 00| 00por d
040 _aBR-BrBNA
_bpor
_cBiblioteca Nacional de Agricultura
041 _a(Pt)
072 _aF02
100 1 _aGirardi, C.G.
100 1 _aPescador, R.
245 1 _aAclimatação de gengibre (Zingiber officinale Roscos)e a relação com carboidratos endógenos
650 _aGENGIBRE
650 _aMICROPROPAGAÇÃO
650 _aACLIMATAÇÃO
773 0 _tRevista Brasileira de Plantas Medicinais (Brazil)
_xISSN 1516-0572
_g(Feb 2010), v. 12(1) p. 62-72
_wBR2010001857
909 _a202311
_bLúcia
_c55
_dLúcia Elande
942 _2AGRIS
_n0
_cANA
999 _c207639
_d207639